000 00619nam a2200205Ia 4500
005 20250508165100.0
008 008 250505s9999 xx 000 0 eng d
037 _aBooks to be hide in OPAC
040 _aFEDL
_beng
_cFEDL
041 _aeng
_2eng
084 _a910, NCE/O
_qFEDL
245 0 _aUnderstanding environment: A textbook in geography for class 9th
245 0 _cN C E R T
260 _aNew Delhi, India
_bNational Council of Educational Research and Training
_c1989
300 _a142p.
365 _aINR
_b10
546 _aMACESE
942 _cHB
_h910, NCE/O
999 _c1393051
_d1393051